MARC details
| 000 -LEADER |
| fixed length control field |
00972cam a2200205 4500 |
| 001 - CONTROL NUMBER |
| control field |
WB3707-22 |
| 008 - FIXED-LENGTH DATA ELEMENTS--GENERAL INFORMATION |
| fixed length control field |
000000n2001 000 0 eng u |
| 035 ## - SYSTEM CONTROL NUMBER |
| System control number |
(Sirsi) u110950 |
| 245 ## - TITLE STATEMENT |
| Title |
Fair rent |
| 260 ## - PUBLICATION, DISTRIBUTION, ETC. |
| Date of publication, distribution, etc. |
2001 |
| 490 ## - SERIES STATEMENT |
| Series statement |
Estates Gazette Case Summaries |
| Volume/sequential designation |
[2001] EGCS 16(1) (10/02/01) |
| 520 ## - SUMMARY, ETC. |
| Summary, etc. |
CA 30 January 2001. The landlord (H) applied for a determination of fair rent within 2 years of a previous rent registration after carrying out repairs under a repair notice. The West Sussex Rent Officer refused H's application on the grounds that the repairs did not constitute a change in the condition of the property and an application for a judicial review was also turned down. Appeal allowed. |
| 590 ## - LOCAL NOTE (RLIN) |
| Local note |
WB |
| 650 ## - SUBJECT ADDED ENTRY--TOPICAL TERM |
| Topical term or geographic name entry element |
R V WEST SUSSEX RENT OFFICER EX P HAYSPORT PROPERTIES LTD |
| 650 ## - SUBJECT ADDED ENTRY--TOPICAL TERM |
| Topical term or geographic name entry element |
RENT ACT 1977 S67(3) |
| 650 ## - SUBJECT ADDED ENTRY--TOPICAL TERM |
| Topical term or geographic name entry element |
FAIR RENT |
| 650 ## - SUBJECT ADDED ENTRY--TOPICAL TERM |
| Topical term or geographic name entry element |
RENT ACT 1977 S75(1) |
| 690 ## - LOCAL SUBJECT ADDED ENTRY--TOPICAL TERM (OCLC, RLIN) |
| Topical term or geographic name as entry element |
LANDLORD AND TENANT-RENT REVIEWS-CASE LAW |
| 942 ## - ADDED ENTRY ELEMENTS (KOHA) |
| Suppress in OPAC |
0 |